Loading...
Introduction to radar systems
| Main Author: | |
|---|---|
| Format: | Printed Book |
| Published: |
New Delhi
TMH
1997
|
| Edition: | 2nd ed. |
| Subjects: |
| LEADER | 00489cam a2200169ua 4500 | ||
|---|---|---|---|
| 020 | |a 0-07-463380-5 | ||
| 082 | |a 621.384 8 |b SKO/I | ||
| 100 | 0 | |a Skolnik, Merrill I | |
| 245 | 0 | 0 | |a Introduction to radar systems |
| 250 | |a 2nd ed. | ||
| 260 | |a New Delhi |b TMH |c 1997 | ||
| 300 | |a x, 581p. | ||
| 650 | |a Radar systems | ||
| 650 | 0 | |a Engineering | |
| 942 | |c BK | ||
| 999 | |c 9133 |d 9133 | ||
| 952 | |0 0 |1 0 |4 0 |6 621_384000000000000_8_SKOI |7 0 |9 9525 |a KUCL |b KUCL |d 2014-05-23 |l 0 |o 621.384 8 SKO/I |p 02463 |r 2014-05-23 |y BK | ||